00298nam a2200121Ia 4500008004100000100002400041245002400065260003200089300000900121650002200130942000700152999001700159190216s9999||||xx |||||||||||||| ||und|| aKrishan Warrier N V 0aN V Yute Natakangal bPoorna Pubs Kozhikodec1986 a218p aMalayalam Nadakam cBK c26924d26924